[Event "Lansing (Mini-Swiss.3/2)"]
[Site "?"]
[Date "1990.??.??"]
[Round "?"]
[White "Krzyston, Joe"]
[Black "Vangilder, W."]
[Result "1-0"]
[WhiteElo "1605"]
[BlackElo "1605"]
[PlyCount "79"]
[EventDate "1990.??.??"]

{3/(2)} 1. e4 e5 2. Nf3 Nc6 3. Bb5 d6 4. d4 a6 5. Ba4 Bd7 6. c3 exd4 7. Bxc6
Bxc6 8. Nxd4 Bxe4 9. O-O Nf6 10. Re1 d5 11. Nd2 Bc5 12. f3 O-O 13. fxe4 Re8 14.
e5 Ne4 15. N2f3 f6 16. Be3 fxe5 17. Nf5 Bxe3+ 18. Rxe3 Qf6 19. Qxd5+ Kh8 20.
Qxe4 Rad8 21. N3h4 Qb6 22. b3 c5 23. Nf3 c4 24. b4 a5 25. Ng5 Rd7 26. Rb1 axb4
27. Nd4 Qg6 28. Qxg6 hxg6 29. cxb4 Rxd4 30. Rh3+ Kg8 31. Rf1 b5 32. Re1 Rd2 33.
Rhe3 Rd5 34. Nh3 Rd4 35. Rxe5 Rxe5 36. Rxe5 Rd1+ 37. Kf2 Rd2+ 38. Ke3 Rxa2 39.
Rxb5 Ra3+ 40. Kd4 1-0

[Event "Detroit (MOR/5/44)"]
[Site "?"]
[Date "1990.??.??"]
[Round "?"]
[White "Krzyston, Joe"]
[Black "Serwatowski, Felix"]
[Result "0-1"]
[WhiteElo "1605"]
[BlackElo "1605"]
[PlyCount "76"]
[EventDate "1990.??.??"]

{5/(44)} 1. e4 e5 2. Nf3 Nc6 3. Bb5 a6 4. Ba4 Nf6 5. O-O b5 6. Bb3 Be7 7. Re1
O-O 8. c3 d6 9. d4 Bg4 10. Qd3 Qc8 11. h3 Bxf3 12. Qxf3 exd4 13. c4 Ne5 14. Qg3
bxc4 15. Bd1 Qb7 16. Nd2 Nd3 17. Rf1 Nxe4 18. Nxe4 Qxe4 19. Bh6 Qg6 20. Bd2
Qxg3 21. fxg3 Nxb2 22. Bf3 Rab8 23. Rfe1 Bf6 24. Rab1 c3 25. Bc1 Nd3 26. Rxb8
Rxb8 27. Rd1 Nxc1 28. Rxc1 d3 29. Be4 d2 30. Rd1 Re8 31. Bc2 Re1+ 32. Kf2 Bd4+
33. Kf3 Re8 34. g4 Rb8 35. Bb3 Be5 36. Ke4 Rxb3 37. axb3 c2 38. Ra1 Bxa1 0-1

[Event "Lansing (Mini-Swiss.4/2)"]
[Site "?"]
[Date "1990.??.??"]
[Round "?"]
[White "Krzyston, Joe"]
[Black "Pontoni, M."]
[Result "0-1"]
[WhiteElo "1605"]
[BlackElo "1605"]
[PlyCount "62"]
[EventDate "1990.??.??"]

{4/(2)} 1. d4 Nf6 2. Nc3 g6 3. g3 Bg7 4. Nf3 b6 5. e4 Bb7 6. Bd3 d6 7. Be3 O-O
8. h3 c5 9. Qd2 Nc6 10. Bh6 cxd4 11. Ne2 Ne5 12. Bxg7 Nxf3+ 13. Kd1 Nxd2 14.
Bxf8 Nfxe4 15. Rh2 Nf3 16. Rg2 Kxf8 17. a4 Nfg5 18. Nf4 e5 19. Ne2 Nc3+ 20.
bxc3 Bxg2 21. cxd4 Ne4 22. h4 Nxf2+ 23. Kd2 Nxd3 24. Kxd3 Rc8 25. Rg1 Bf3 26.
Nc1 Qc7 27. Ke3 Qc3+ 28. Nd3 Qxd4+ 29. Kd2 Qxg1 30. Ne1 Qf2+ 31. Kc1 Qxe1+ 0-1

[Event "Detroit (MOR/7/46)"]
[Site "?"]
[Date "1990.??.??"]
[Round "?"]
[White "Krzyston, Joe"]
[Black "Clark, M."]
[Result "1-0"]
[WhiteElo "1605"]
[BlackElo "1605"]
[PlyCount "31"]
[EventDate "1990.??.??"]

{7/(46)} 1. e4 c5 2. Nf3 d6 3. d4 cxd4 4. Nxd4 Nf6 5. c3 Nxe4 6. Qf3 Nf6 7. Bc4
e6 8. Bb5+ Nbd7 9. Bg5 Be7 10. Bxf6 Bxf6 11. O-O O-O 12. Nd2 Ne5 13. Qh5 a6 14.
Ba4 Qa5 15. Bc2 b5 16. Qxh7# 1-0

[Event "Detroit (MOR/1a/24)"]
[Site "?"]
[Date "1990.??.??"]
[Round "?"]
[White "Krzyston, Joe"]
[Black "Albacker, D."]
[Result "0-1"]
[WhiteElo "1605"]
[BlackElo "1620"]
[PlyCount "82"]
[EventDate "1990.??.??"]

1. e4 e5 2. Nf3 d6 3. Nc3 g6 4. d4 Bg4 5. h3 Bxf3 6. Qxf3 exd4 7. Nb5 Bg7 8.
Bc4 Qe7 9. O-O a6 10. Re1 Nc6 11. Bxf7+ Qxf7 12. Qxf7+ Kxf7 13. Nxc7 Rc8 14.
Nd5 Nge7 15. Nb6 Rce8 16. Nc4 Rd8 17. Rb1 Rhf8 18. Bf4 Ne5 19. Na5 Rd7 20. Nb3
Kg8 21. Nxd4 Rxf4 22. Ne6 Rf6 23. Nd4 N7c6 24. c3 Rdf7 25. f3 Nxd4 26. cxd4
Nxf3+ 27. gxf3 Rxf3 28. Rbd1 Rxh3 29. Rf1 Rxf1+ 30. Kxf1 Kf7 31. Kg2 Rh5 32.
Rf1+ Ke7 33. Rd1 Rh4 34. e5 dxe5 35. d5 Rd4 36. d6+ Kxd6 37. Rxd4+ exd4 38. Kf2
Bh6 39. Ke2 Be3 40. b3 h5 41. Kf3 g5 0-1

[Event "Flint (Class A/3)"]
[Site "?"]
[Date "1990.??.??"]
[Round "?"]
[White "Krevinko, S."]
[Black "Garrison, Ray"]
[Result "1-0"]
[WhiteElo "1960"]
[BlackElo "1825"]
[PlyCount "55"]
[EventDate "1990.??.??"]

1. e4 c6 2. d3 d5 3. Nd2 e5 4. Ngf3 f6 5. g3 d4 6. Bg2 Bb4 7. O-O Bg4 8. h3 Be6
9. a3 Ba5 10. Nh2 Ne7 11. f4 exf4 12. gxf4 Bc7 13. Ndf3 O-O 14. Qe1 Bf7 15. Bd2
Ng6 16. Nh4 c5 17. Nxg6 Bxg6 18. e5 Nc6 19. f5 Be8 20. e6 Ne7 21. Be4 Qd6 22.
Bf4 Qb6 23. b3 Rd8 24. Qg3 Bxf4 25. Qxf4 Nd5 26. Qf3 Qd6 27. Bxd5 Qxd5 28. e7
1-0

[Event "Flint (Class A/1)"]
[Site "?"]
[Date "1990.??.??"]
[Round "?"]
[White "Krevinko, S."]
[Black "Decker, Dale"]
[Result "1-0"]
[WhiteElo "1960"]
[BlackElo "1870"]
[PlyCount "97"]
[EventDate "1990.??.??"]

1. Nf3 Nf6 2. g3 d5 3. d3 c5 4. Nbd2 Nc6 5. e4 Bg4 6. c3 e6 7. Bg2 Be7 8. O-O
O-O 9. Re1 Qc7 10. Qc2 Rfe8 11. Nf1 d4 12. Bf4 e5 13. Bd2 Qd7 14. h4 Rad8 15.
c4 Bh3 16. Bh1 Ng4 17. N1h2 Nxh2 18. Kxh2 f5 19. Ng1 Bg4 20. f3 Bh5 21. Bg5
fxe4 22. fxe4 Bxg5 23. hxg5 Rf8 24. a3 Rf7 25. Rf1 Rdf8 26. Bg2 Bg4 27. Qd2 Qe6
28. Rxf7 Rxf7 29. Nh3 Qg6 30. Nf2 Qh5+ 31. Kg1 Bd7 32. Rf1 Nd8 33. Qa5 Qxg5 34.
Qxa7 Qxg3 35. Qb8 Qg5 36. Qd6 Qe7 37. Qxe7 Rxe7 38. b4 Ne6 39. Ng4 Nf4 40. Nxe5
Nxg2 41. Nxd7 Rxd7 42. Kxg2 cxb4 43. axb4 Rf7 44. Rxf7 Kxf7 45. c5 Ke6 46. b5
Kd7 47. e5 g5 48. c6+ bxc6 49. b6 1-0

[Event "Lansing (MI Am/3/22)"]
[Site "?"]
[Date "1990.??.??"]
[Round "?"]
[White "Kreiman, V."]
[Black "Thibeault, T."]
[Result "1-0"]
[WhiteElo "1825"]
[BlackElo "1605"]
[PlyCount "69"]
[EventDate "1990.??.??"]

{3/(22)} 1. c4 Nf6 2. Nc3 e6 3. g3 Nc6 4. Bg2 d5 5. cxd5 exd5 6. d4 Bb4 7. a3
Bxc3+ 8. bxc3 b6 9. Nf3 O-O 10. O-O Re8 11. Re1 Bf5 12. Nh4 Bc8 13. f4 Bg4 14.
Nf3 Na5 15. Ne5 Bf5 16. e3 Be4 17. Ra2 Bxg2 18. Rxg2 Ne4 19. Bb2 Nc4 20. Nxc4
dxc4 21. g4 h6 22. Qe2 Qd5 23. h4 f6 24. Rf1 g5 25. fxg5 fxg5 26. Rf5 Qd6 27.
Qxc4+ Re6 28. Re5 Rae8 29. Rxe4 Kg7 30. Rxe6 Rxe6 31. Qd3 c5 32. c4 gxh4 33.
dxc5+ Kf7 34. cxd6 Ke8 35. Qh7 1-0

[Event "Lansing (MI Am/4/19)"]
[Site "?"]
[Date "1990.??.??"]
[Round "?"]
[White "Kreiman, V."]
[Black "Letourneau, Keith"]
[Result "0-1"]
[WhiteElo "1825"]
[BlackElo "1605"]
[PlyCount "86"]
[EventDate "1990.??.??"]

{4/(19)} 1. e4 c6 2. d4 d5 3. Nc3 dxe4 4. Nxe4 Bf5 5. Ng3 Bg6 6. Nf3 Nd7 7. Bd3
Ngf6 8. Bxg6 hxg6 9. Qe2 e6 10. Bf4 Nd5 11. Be5 Qa5+ 12. c3 Nxc3 13. bxc3 Qxc3+
14. Qd2 Bb4 15. Rb1 Nxe5 16. dxe5 Qxf3 17. Qxb4 Qxg2 18. Qxb7 Rd8 19. Qxa7 Rxh2
20. Rxh2 Qxh2 21. Rb8 Qg1+ 22. Nf1 Qg5 23. Rxd8+ Qxd8 24. Ne3 Qg5 25. Nc4 Qc1+
26. Ke2 Qxc4+ 27. Kd1 Qd5+ 28. Kc2 Qxe5 29. a4 Qe4+ 30. Kc3 e5 31. Qa8+ Kd7 32.
a5 Qd4+ 33. Kb3 Kc7 34. Qe8 Qd5+ 35. Kc2 Qa2+ 36. Kd3 Qxf2 37. Qxe5+ Kb7 38.
Qe7+ Ka6 39. Qc7 Qf5+ 40. Kd4 Qd5+ 41. Ke3 Qxa5 42. Qc8+ Kb5 43. Qb8+ Qb6+ 0-1

[Event "Lansing (MI Am/1/27)"]
[Site "?"]
[Date "1990.??.??"]
[Round "?"]
[White "Kreiman, V."]
[Black "James, Larry"]
[Result "1/2-1/2"]
[WhiteElo "1825"]
[BlackElo "1605"]
[PlyCount "108"]
[EventDate "1990.??.??"]

{1/(27)} 1. e4 c5 2. Nf3 d6 3. d4 cxd4 4. Nxd4 Nf6 5. Nc3 a6 6. Bc4 Nxe4 7.
Bxf7+ Kxf7 8. Qh5+ g6 9. Qd5+ e6 10. Qxe4 Bg7 11. Be3 d5 12. Qf4+ Qf6 13. Qc7+
Qe7 14. Qg3 Nd7 15. O-O Re8 16. Nf3 Kg8 17. Rfe1 Nf6 18. Bg5 Qf8 19. Rad1 Bd7
20. Ne5 Bc6 21. Ne2 Ne4 22. Qf4 Bxe5 23. Qxe5 Qxf2+ 24. Kh1 Nxg5 25. Qxg5 Rf8
26. Nd4 Rae8 27. h3 Qf6 28. Qg4 e5 29. Nxc6 Qxc6 30. c3 b5 31. Qg5 Rf5 32. Qd2
e4 33. Kg1 Qc5+ 34. Kh1 Rf2 35. Qg5 Rxb2 36. Rxd5 Qxc3 37. Rxe4 Rb1+ 38. Kh2
Qc7+ 39. Qf4 Qxf4+ 40. Rxf4 Rb2 41. a4 b4 42. Rd7 Rf8 43. Rc4 Rf7 44. Rd8+ Kg7
45. Rb8 a5 46. Rb5 Rff2 47. Rg4 Rf3 48. Rxa5 b3 49. Rb5 Rff2 50. a5 Ra2 51.
Rxb3 Rxa5 52. Rb7+ Rf7 53. Rxf7+ Kxf7 54. Rc4 h6 1/2-1/2

[Event "Lansing (Feb)"]
[Site "?"]
[Date "1990.??.??"]
[Round "?"]
[White "Koster, Ed"]
[Black "Noren, Kevin"]
[Result "0-1"]
[WhiteElo "2180"]
[BlackElo "2250"]
[PlyCount "78"]
[EventDate "1990.??.??"]

1. e4 e6 2. d4 d5 3. Nc3 Bb4 4. e5 c5 5. a3 Bxc3+ 6. bxc3 Ne7 7. Nf3 Nbc6 8.
Be2 Qa5 9. O-O b6 10. a4 Ba6 11. Bxa6 Qxa6 12. Ba3 Qc4 13. Qd2 cxd4 14. cxd4
Nf5 15. Rfd1 h5 16. Qd3 Qxd3 17. Rxd3 f6 18. Re1 Kd7 19. c4 dxc4 20. Rc3 Na5
21. Bb4 Rhc8 22. g3 Nb3 23. h3 a6 24. g4 hxg4 25. hxg4 Ne7 26. Bxe7 Kxe7 27.
exf6+ gxf6 28. Rce3 Kf7 29. Rxe6 Re8 30. d5 b5 31. axb5 axb5 32. g5 Rxe6 33.
dxe6+ Ke7 34. gxf6+ Kxf6 35. e7 Re8 36. Re5 c3 37. Re2 Rxe7 38. Rc2 b4 39. Kg2
Na1 0-1

[Event "Lansing (Feb)"]
[Site "?"]
[Date "1990.??.??"]
[Round "?"]
[White "Koster, Ed"]
[Black "Hahn, David"]
[Result "1/2-1/2"]
[WhiteElo "2180"]
[BlackElo "2220"]
[PlyCount "96"]
[EventDate "1990.??.??"]

1. e4 g6 2. d4 Bg7 3. Nc3 d6 4. Nf3 a6 5. Be3 Nf6 6. h3 O-O 7. a4 d5 8. e5 Ne4
9. Nxe4 dxe4 10. Ng5 c5 11. dxc5 Qc7 12. e6 f5 13. Bc4 Nc6 14. O-O f4 15. Bc1
Qe5 16. Qd5 Qxd5 17. Bxd5 Rf5 18. Bxc6 bxc6 19. Nxe4 Bxe6 20. Ra3 Rb8 21. c3 a5
22. Re1 Rb3 23. Rxb3 Bxb3 24. Nd2 Bxa4 25. Rxe7 Rxc5 26. Re4 Bc2 27. Rxf4 Bh6
28. Rd4 Rb5 29. g3 Bf5 30. g4 Be6 31. f4 Rd5 32. Rxd5 Bxd5 33. c4 Bf7 34. g5
Bg7 35. b3 Be6 36. h4 Bd4+ 37. Kg2 Bf5 38. Kf3 Bc2 39. Ba3 Kf7 40. Bd6 Ke6 41.
Bc7 Kf5 42. Bxa5 Bd1+ 43. Kg3 Be3 44. Nf3 Bxb3 45. Bd2 Bc5 46. Ne5 Bd6 47. Nxc6
Bxc4 48. Ne5 Bxe5 1/2-1/2

[Event "Detroit (MI Op/5/31)"]
[Site "?"]
[Date "1990.??.??"]
[Round "?"]
[White "Kosanovich, M."]
[Black "Thomas, C."]
[Result "0-1"]
[WhiteElo "1620"]
[BlackElo "2145"]
[PlyCount "70"]
[EventDate "1990.??.??"]

{5/(31)} 1. c4 Nf6 2. Nc3 g6 3. d4 Bg7 4. e4 d6 5. Nf3 O-O 6. Be2 e5 7. d5 a5
8. Bg5 h6 9. Be3 c5 10. h4 Ne8 11. Qd2 Kh7 12. g4 f5 13. gxf5 gxf5 14. exf5
Bxf5 15. Bd3 Bxd3 16. Qxd3+ Kh8 17. Nd2 Nd7 18. Rg1 Qxh4 19. O-O-O Ndf6 20. Rg3
Rd8 21. Rdg1 Rd7 22. Qg6 Qh5 23. Qd3 Ng8 24. Nde4 Qf5 25. Qd2 Qh5 26. Nb5 Ngf6
27. Nbxd6 Nxd6 28. Nxd6 Rg8 29. Bxc5 Rxd6 30. Bxd6 Ne4 31. Qxa5 Nxg3 32. Rxg3
Qe2 33. Qd2 Qxc4+ 34. Kb1 Rd8 35. Bxe5 Qe4+ 0-1

[Event "Flint (Class B/1)"]
[Site "?"]
[Date "1990.??.??"]
[Round "?"]
[White "Kosanovich, M."]
[Black "Sundeen, David"]
[Result "0-1"]
[WhiteElo "1650"]
[BlackElo "1740"]
[PlyCount "57"]
[EventDate "1990.??.??"]

1. Nf3 Nf6 2. c4 g6 3. d4 c5 4. d5 d6 5. Nc3 Bg7 6. e4 O-O 7. Bd3 Nbd7 8. Be3
Ng4 9. Bg5 Nge5 10. Be2 Nxf3+ 11. Bxf3 Ne5 12. Be2 a6 13. f4 Nd7 14. a4 Bf6 15.
h4 Qc7 16. h5 Bxg5 17. fxg5 Ne5 18. hxg6 fxg6 19. Kd2 Rf2 20. Ke3 Rf7 21. Rh4
Qd8 22. Kd2 e6 23. Qh1 Qxg5+ 24. Kc2 exd5 25. exd5 Bg4 26. Rg1 Qf5+ 27. Kb3
Bxe2 28. Nxe2 Qd3+ 29. Nc3 0-1

[Event "Detroit (RVO/2)"]
[Site "?"]
[Date "1990.??.??"]
[Round "?"]
[White "Kosanovich, M."]
[Black "Owens, James"]
[Result "0-1"]
[WhiteElo "1705"]
[BlackElo "2085"]
[PlyCount "62"]
[EventDate "1990.??.??"]

1. c4 Nf6 2. Nc3 g6 3. d4 Bg7 4. e4 d6 5. Be2 O-O 6. Nf3 e5 7. d5 Nbd7 8. O-O
Nc5 9. Qc2 a5 10. Bg5 h6 11. Bh4 Bg4 12. h3 Bd7 13. a4 Qc8 14. Nh2 Nh7 15. g4
f5 16. f3 h5 17. exf5 gxf5 18. gxh5 Bh6 19. Bd1 Kh8 20. Kh1 Be8 21. Rg1 Bxh5
22. f4 Bxd1 23. Qxd1 Bxf4 24. Qh5 Qe8 25. Rg6 Nd3 26. Rag1 Be3 27. Rg8+ Rxg8
28. Bf6+ Rg7 29. Bxg7+ Kg8 30. Rg6 Nf4 31. Bxe5+ Qxg6 0-1

[Event "Flint (Class B/3)"]
[Site "?"]
[Date "1990.??.??"]
[Round "?"]
[White "Kosanovich, M."]
[Black "June, Brian"]
[Result "0-1"]
[WhiteElo "1650"]
[BlackElo "1695"]
[PlyCount "73"]
[EventDate "1990.??.??"]

1. e4 e5 2. f4 exf4 3. Nf3 d5 4. exd5 Qxd5 5. Nc3 Qd8 6. Bc4 Nf6 7. O-O Be7 8.
Bxf7+ Kxf7 9. Ne5+ Kg8 10. d4 g6 11. Bxf4 Kg7 12. Qf3 Rf8 13. Qe3 Kg8 14. Rf3
Bf5 15. Bh6 Re8 16. Rxf5 Nbd7 17. Rd1 b6 18. Nc6 Bf8 19. Qg3 Qc8 20. Bxf8 Kxf8
21. Rxf6+ Nxf6 22. Rf1 Qe6 23. d5 Qd6 24. Qd3 Kg7 25. Qd4 Rf8 26. Ne4 Qxd5 27.
Qxd5 Nxd5 28. Rd1 Nf6 29. Ng5 Rfe8 30. Rd4 Re1+ 31. Kf2 Rae8 32. Nf3 R1e2+ 33.
Kg3 Rxc2 34. Nfe5 Rxb2 35. h4 Rxa2 36. Kf4 a5 37. Kf3 0-1

[Event "Detroit (MI Op/3/33)"]
[Site "?"]
[Date "1990.??.??"]
[Round "?"]
[White "Kosanovich, M."]
[Black "El-murr, Toni"]
[Result "0-1"]
[WhiteElo "1620"]
[BlackElo "1940"]
[PlyCount "82"]
[EventDate "1990.??.??"]

{3/(33)} 1. c4 Nf6 2. Nc3 d5 3. cxd5 Nxd5 4. e4 Nxc3 5. bxc3 e5 6. Qb3 Be7 7.
Nf3 Nd7 8. d4 exd4 9. cxd4 O-O 10. Bd3 c5 11. d5 Bf6 12. Rb1 a6 13. a4 Qc7 14.
O-O Re8 15. Bg5 Qd8 16. Be3 h6 17. Rfc1 b6 18. Bf4 Bb7 19. Re1 g5 20. Bd6 g4
21. Nd2 Bd4 22. Nc4 Qf6 23. Bg3 h5 24. Nxb6 Nxb6 25. Qxb6 Qxb6 26. Rxb6 Bxd5
27. Bxa6 Rxe4 28. Reb1 Rae8 29. Rb8 Rxb8 30. Rxb8+ Kg7 31. Kf1 Bc3 32. f3 gxf3
33. gxf3 Rxa4 34. Bd6 Ra1+ 35. Kg2 Bd4 36. Bf8+ Kg6 37. Bd3+ Kf6 38. Rb6+ Be6
39. f4 Ra2+ 40. Kf3 c4 41. Bb1 Rf2+ 0-1

[Event "Flint (Class A/1)"]
[Site "?"]
[Date "1990.??.??"]
[Round "?"]
[White "Kornhauser, M."]
[Black "Zacks, Naum"]
[Result "0-1"]
[WhiteElo "1855"]
[BlackElo "1910"]
[PlyCount "62"]
[EventDate "1990.??.??"]

1. Nf3 g6 2. g3 d6 3. Bg2 c6 4. O-O Bg7 5. d4 Bf5 6. Nbd2 Qc8 7. e4 Bh3 8. c3
Bxg2 9. Kxg2 Nf6 10. e5 dxe5 11. Nxe5 Nbd7 12. Ndf3 O-O 13. Re1 Nxe5 14. Nxe5
h5 15. Bg5 Qf5 16. Nf3 Rfe8 17. Qe2 e5 18. dxe5 Ng4 19. Bf4 Rad8 20. h3 Nf6 21.
Nd4 Qd7 22. Qf3 Nh7 23. h4 c5 24. Nb3 b6 25. Nd2 Nf8 26. Nc4 Ne6 27. Rad1 Qa4
28. Nd6 Re7 29. a3 Nxf4+ 30. gxf4 Red7 31. Re2 Qxd1 0-1

[Event "Flint (Class A/2)"]
[Site "?"]
[Date "1990.??.??"]
[Round "?"]
[White "Kornhauser, M."]
[Black "Wright, William"]
[Result "0-1"]
[WhiteElo "1855"]
[BlackElo "1915"]
[PlyCount "90"]
[EventDate "1990.??.??"]

1. Nf3 d5 2. g3 c5 3. Bg2 Nc6 4. O-O e5 5. d3 Be7 6. e4 d4 7. Nbd2 Bg4 8. a4
Nf6 9. Nc4 Nd7 10. h3 Be6 11. b3 a6 12. a5 h6 13. Nh2 g5 14. f4 gxf4 15. gxf4
Qc7 16. fxe5 Ncxe5 17. Nxe5 Nxe5 18. Bf4 Bd6 19. Qd2 O-O-O 20. Nf3 Rdg8 21. Kh1
Nc6 22. Nh4 Bxf4 23. Qxf4 Qxf4 24. Rxf4 Rg3 25. Nf5 Bxf5 26. Rxf5 Rhg8 27. Rg1
Nxa5 28. Rxc5+ Nc6 29. Rf5 R8g7 30. Rf2 Kd7 31. Rgf1 Ke7 32. Kh2 R3g5 33. Bf3
Ne5 34. Bd1 a5 35. Rf5 Rxf5 36. Rxf5 Rg5 37. Rf2 b5 38. Rf1 Rg8 39. Be2 Rc8 40.
Rc1 a4 41. bxa4 bxa4 42. Kg3 a3 43. Kf2 a2 44. Ke1 Rxc2 45. Rxc2 a1=Q+ 0-1

[Event "Lansing (Mini-Swiss.2/2)"]
[Site "?"]
[Date "1990.??.??"]
[Round "?"]
[White "Kornhauser, M."]
[Black "Stockham, James"]
[Result "1-0"]
[WhiteElo "1825"]
[BlackElo "1835"]
[PlyCount "113"]
[EventDate "1990.??.??"]

{2/(2)} 1. Nf3 Nf6 2. g3 e6 3. Bg2 c5 4. O-O Nc6 5. d3 d5 6. Nbd2 Be7 7. e4 O-O
8. c3 dxe4 9. dxe4 Qc7 10. Qc2 b6 11. Re1 Bb7 12. Nc4 b5 13. Bf4 Qc8 14. Nd6
Bxd6 15. Bxd6 Rd8 16. e5 Nd5 17. Ng5 g6 18. Qe4 Qd7 19. Qh4 f5 20. Bxc5 Nc7 21.
Rad1 Qg7 22. Bd6 Re8 23. c4 h6 24. Nf3 bxc4 25. Qxc4 Nd5 26. Nd4 Nxd4 27. Qxd4
Rec8 28. Rc1 a6 29. f4 Qd7 30. b3 Rxc1 31. Rxc1 Rc8 32. Rc4 h5 33. Rxc8+ Qxc8
34. Qc5 Qxc5+ 35. Bxc5 Kf7 36. Kf2 Bc6 37. Ke1 Ne7 38. Bxc6 Nxc6 39. Kd2 Ke8
40. Kc3 Kd7 41. b4 Kc7 42. a4 Nd8 43. Kc4 Nf7 44. b5 axb5+ 45. Kxb5 Kb7 46. a5
g5 47. a6+ Ka8 48. Kc6 gxf4 49. gxf4 Nh8 50. Kd6 Ng6 51. Be3 Nxf4 52. Bxf4 Ka7
53. Kxe6 Kxa6 54. Kxf5 h4 55. e6 h3 56. e7 Ka5 57. e8=Q 1-0

[Event "Detroit (MI Op/4/44)"]
[Site "?"]
[Date "1990.??.??"]
[Round "?"]
[White "Kornhauser, M."]
[Black "Smith, Daryn"]
[Result "0-1"]
[WhiteElo "1825"]
[BlackElo "1890"]
[PlyCount "98"]
[EventDate "1990.??.??"]

{4/(44)} 1. Nf3 Nf6 2. g3 g6 3. Bg2 Bg7 4. O-O d6 5. d3 Nbd7 6. e4 Rb8 7. Nc3
c6 8. Rb1 O-O 9. Be3 b6 10. h3 Qc7 11. Nh2 e5 12. Qd2 Bb7 13. Bh6 a6 14. Bxg7
Kxg7 15. f4 exf4 16. Qxf4 Nh5 17. Qh4 Qd8 18. Qg4 Ne5 19. Qh4 Qxh4 20. gxh4 Bc8
21. Ne2 Be6 22. a3 Rbd8 23. Nf3 c5 24. Kh2 f6 25. Rf2 Rf7 26. Rbf1 Rdf8 27. Nd2
f5 28. Nf4 Nxf4 29. Rxf4 Nc6 30. exf5 Nd4 31. Rxd4 cxd4 32. fxe6 Rxf1 33. e7
Re8 34. Nxf1 Rxe7 35. Be4 Rc7 36. Kg1 Rxc2 37. Bb7 a5 38. Ba6 Rxb2 39. a4 Kf6
40. Ng3 Ke5 41. Ne4 h6 42. Nf2 Kf4 43. h5 gxh5 44. Ne4 d5 45. Nf6 Kg3 46. Kf1
Kxh3 47. Nxd5 Kg3 48. Nf6 h4 49. Bb7 Rf2+ 0-1

[Event "Detroit (MI Op/2/40)"]
[Site "?"]
[Date "1990.??.??"]
[Round "?"]
[White "Kornhauser, M."]
[Black "Owens, James"]
[Result "0-1"]
[WhiteElo "1825"]
[BlackElo "1955"]
[PlyCount "74"]
[EventDate "1990.??.??"]

{2/(40)} 1. Nf3 Nf6 2. g3 g6 3. Bg2 Bg7 4. O-O d6 5. d3 O-O 6. Nc3 c5 7. e4 Nc6
8. Ne2 Rb8 9. c3 c4 10. Nfd4 Ne5 11. dxc4 Nxc4 12. b3 Ne5 13. f4 Ned7 14. Qc2
Qc7 15. h3 a6 16. Be3 b5 17. e5 dxe5 18. Nc6 exf4 19. Nxe7+ Kh8 20. Bxf4 Qc5+
21. Nd4 Qxe7 22. Bxb8 Nxb8 23. Rfe1 Qc7 24. Qf2 Nh5 25. Re3 b4 26. Ne2 bxc3 27.
Rc1 c2 28. Kh1 Bb2 29. Re1 Rg8 30. g4 Ng7 31. Qf1 Bb7 32. Nc1 Bxg2+ 33. Qxg2
Qc6 34. R3e2 Qxg2+ 35. Kxg2 Re8 36. Kf3 Ne6 37. Ke4 Ng5+ 0-1

[Event "Detroit (MI Op/6/42)"]
[Site "?"]
[Date "1990.??.??"]
[Round "?"]
[White "Kornhauser, M."]
[Black "Davis, Michael"]
[Result "1-0"]
[WhiteElo "1825"]
[BlackElo "1605"]
[PlyCount "97"]
[EventDate "1990.??.??"]

{6/(42)} 1. Nf3 d5 2. g3 Nc6 3. Bg2 e5 4. d3 Nf6 5. O-O Bc5 6. Bg5 O-O 7. Nc3
Be6 8. e4 d4 9. Ne2 h6 10. Bxf6 Qxf6 11. Nd2 Qe7 12. f4 exf4 13. Nxf4 f5 14.
Ng6 Qg5 15. Nxf8 Rxf8 16. a3 a5 17. Kh1 f4 18. Rxf4 Rxf4 19. gxf4 Qxf4 20. Nf3
Bd6 21. Qd2 Qg4 22. Qf2 g5 23. Bf1 Kg7 24. Be2 Qf4 25. Rf1 Bh3 26. Rg1 Bg4 27.
Qg2 Bxf3 28. Bxf3 Ne5 29. Rf1 Qh4 30. Be2 Ng6 31. Qf2 Qf4 32. Qxd4+ Qe5 33.
Qxe5+ Bxe5 34. c3 Nf4 35. Rf2 c5 36. h4 gxh4 37. d4 cxd4 38. cxd4 Nxe2 39. Rxe2
Bxd4 40. b3 b6 41. Kg2 Bc5 42. a4 Bd6 43. e5 Be7 44. Rf2 Bc5 45. Rf3 Bd4 46. e6
Bf6 47. Kf2 h3 48. Kg3 h2 49. Kxh2 1-0

[Event "Detroit (MCO/5/18)"]
[Site "?"]
[Date "1990.??.??"]
[Round "?"]
[White "Koger, Melvin"]
[Black "Steverson, Bunnard"]
[Result "0-1"]
[WhiteElo "1605"]
[BlackElo "1755"]
[PlyCount "107"]
[EventDate "1990.??.??"]

{5/(18)} 1. d4 Nf6 2. c4 e6 3. g3 c6 4. Bg2 d5 5. c5 b6 6. cxb6 Qxb6 7. Nf3 c5
8. O-O Nc6 9. Qa4 Bd7 10. dxc5 Bxc5 11. Qd1 Rc8 12. Nc3 Na5 13. Ne5 Bb5 14.
Nxb5 Qxb5 15. Qd3 Qb6 16. e3 O-O 17. Bd2 Nc6 18. Bc3 Nxe5 19. Bxe5 Nd7 20. Bc3
Rfd8 21. a4 Bb4 22. a5 Qc5 23. Bd4 Qc4 24. Qxc4 Rxc4 25. Bxa7 Ra8 26. Bb6 Nxb6
27. axb6 Rb8 28. Ra6 Rc6 29. Rfa1 Rcxb6 30. Rxb6 Rxb6 31. Bf1 g6 32. Ra8+ Bf8
33. Ra2 Rb8 34. e4 Bg7 35. exd5 exd5 36. Ra5 d4 37. Bb5 Bf8 38. Bc4 Rxb2 39.
Ra7 d3 40. Bxf7+ Kh8 41. Ra1 Bc5 42. Rf1 d2 43. Rd1 Kg7 44. Bd5 Rc2 45. Kg2 Bb4
46. Bf3 Rc1 47. h4 Kf6 48. Be2 Ke5 49. f3 Kd4 50. Kf2 Bc5 51. g4 Kc3+ 52. Kg2
Kc2 53. Rf1 Re1 54. Kh3 0-1

[Event "Detroit (MCO/1/27)"]
[Site "?"]
[Date "1990.??.??"]
[Round "?"]
[White "Koger, Melvin"]
[Black "Ridella, Dennis"]
[Result "0-1"]
[WhiteElo "1605"]
[BlackElo "1795"]
[PlyCount "108"]
[EventDate "1990.??.??"]

{1/(27)} 1. d4 Nf6 2. c4 e6 3. Nf3 b6 4. g3 Bb7 5. Bg2 Be7 6. Nc3 h6 7. O-O O-O
8. d5 exd5 9. cxd5 Bb4 10. Nh4 d6 11. e4 Nbd7 12. Bd2 Nc5 13. Re1 Nd3 14. Re3
Ne5 15. b3 Neg4 16. Re1 Bc5 17. Be3 Nxe3 18. fxe3 Re8 19. Nf5 Bc8 20. Qf3 Bb4
21. Rec1 Bxc3 22. Rxc3 Nxe4 23. Rc2 Qf6 24. Rf1 Bxf5 25. Qxf5 Qxf5 26. Rxf5 Nc5
27. b4 Nd3 28. Rxc7 f6 29. e4 Nxb4 30. a3 Na6 31. Rc6 Red8 32. Rf1 Rac8 33.
Rfc1 Nc5 34. Bh3 Rb8 35. Bg2 b5 36. Rb1 a5 37. Kf1 Kf8 38. Ke2 Ke7 39. Kd1 b4
40. axb4 axb4 41. Rc7+ Rd7 42. Rxd7+ Kxd7 43. Ke2 b3 44. Kd2 Na4 45. Bf1 Rb4
46. Bd3 Kc7 47. Rc1+ Nc5 48. Bb1 Kb6 49. Ke3 b2 50. Re1 g5 51. g4 Rb3+ 52. Kd4
Kb5 53. Rf1 Rh3 54. Rf2 Nb3# 0-1

[Event "Detroit (MI Op/4/3)"]
[Site "?"]
[Date "1990.??.??"]
[Round "?"]
[White "Knecht, Mark"]
[Black "Solis, H."]
[Result "1/2-1/2"]
[WhiteElo "2115"]
[BlackElo "2280"]
[PlyCount "57"]
[EventDate "1990.??.??"]

{4/(3)} 1. e4 c5 2. Nf3 Nc6 3. d3 g6 4. g3 Bg7 5. Bg2 e5 6. O-O Nge7 7. Nbd2
O-O 8. c3 d5 9. Re1 d4 10. Nb3 b6 11. cxd4 cxd4 12. a3 a5 13. Bg5 f6 14. Bd2
Be6 15. Nc1 Qd7 16. Rf1 Rfc8 17. Ne1 Rc7 18. f4 Rac8 19. fxe5 fxe5 20. Rf2 h6
21. Bf3 Nd8 22. h3 Nf7 23. Bg4 h5 24. Bxe6 Qxe6 25. Kg2 Nc6 26. Nf3 Ncd8 27.
Ne1 Nc6 28. Nf3 Ncd8 29. Ne1 1/2-1/2

[Event "Detroit (MI Op/6/7)"]
[Site "?"]
[Date "1990.??.??"]
[Round "?"]
[White "Knecht, Mark"]
[Black "Cunningham, R."]
[Result "1/2-1/2"]
[WhiteElo "2115"]
[BlackElo "2230"]
[PlyCount "46"]
[EventDate "1990.??.??"]

{6/(7)} 1. e4 Nf6 2. e5 Nd5 3. d4 d6 4. c4 Nb6 5. f4 dxe5 6. fxe5 Bf5 7. Nc3 e6
8. Nf3 Nc6 9. Be3 Be7 10. Be2 O-O 11. O-O f6 12. exf6 Bxf6 13. a4 Nb4 14. Rc1
a5 15. d5 exd5 16. Bxb6 cxb6 17. cxd5 Bxc3 18. Rxc3 Be4 19. d6 Bd5 20. Qd4 Qxd6
21. Rd1 Rad8 22. Qh4 Qf6 23. Rc7 Rf7 1/2-1/2

[Event "Detroit (MI Op/1a/18)"]
[Site "?"]
[Date "1990.??.??"]
[Round "?"]
[White "Knecht, Mark"]
[Black "Choksi, E."]
[Result "1-0"]
[WhiteElo "2115"]
[BlackElo "1865"]
[PlyCount "103"]
[EventDate "1990.??.??"]

1. e4 e5 2. Bc4 Nf6 3. d3 c6 4. Nf3 d5 5. Bb3 Bd6 6. Nc3 d4 7. Ne2 Bg4 8. Ng3
a5 9. a3 Na6 10. h3 Bd7 11. O-O O-O 12. Ne1 Qc7 13. Bg5 Be7 14. Nh5 Qd6 15. f4
Nxh5 16. Bxe7 Qxe7 17. Qxh5 exf4 18. Rxf4 h6 19. Nf3 c5 20. Ne5 Be6 21. Raf1
Bxb3 22. cxb3 f6 23. Ng6 Qf7 24. e5 Rae8 25. exf6 gxf6 26. Qxh6 Qg7 27. Qxg7+
Kxg7 28. Nxf8 Rxf8 29. Rf5 b6 30. Rd5 Nc7 31. Rd6 b5 32. Rc6 Nd5 33. Rxc5 Ne3
34. Rf3 f5 35. Rxb5 Rc8 36. Rbxf5 Nxf5 37. Rxf5 Rc1+ 38. Rf1 Rc2 39. Rf2 Rc1+
40. Kh2 Rd1 41. Kg3 Rxd3+ 42. Kf4 Rxb3 43. Ke4 d3 44. Rd2 Kg6 45. g3 a4 46.
Rxd3 Rxb2 47. Kf4 Rh2 48. Rd6+ Kg7 49. h4 Ra2 50. Rd3 Rb2 51. Rd4 Rb3 52. Rxa4
1-0